banner-ar

دليل الحقل والمعمل لعلم امراض الاشجار / (Record no. 53287)

MARC details
000 -الفاتح
حقل البيانات ثابتة الطول 00829nam a2200205Ia 4500
005 - وقت وتاريخ اخر تعامل مع التسجيلة
رقم الضبط 20240530105120.0
008 - عناصر البيانات ثابتة الطول - معلومات عامة
حقل البيانات ثابتة الطول 140319s9999 xx 000 0 ara d
040 ## - مصدر الفهرسة
وكالة الفهرسة الأصلية GCL /
وكالة النسخ GCL
082 04 - رقم تصنيف ديوى العشرى
رقم التصنيف 581.2
رقم المادة ب د
100 1# - المدخل الرئيسى - إسم شخصى
الإسم الشخصى بلانكارد ، روبرت و.
245 10 - بيان العنوان
العنوان دليل الحقل والمعمل لعلم امراض الاشجار /
بيان المسئوليه,etc تاليف روبرت و. بلانكارد ؛ ترجمة عبدالقادر عبدالرواف المالح ؛ مراجعة عبدالله محمد الترهونى ، فوزى ادم تربيح
300 ## - الوصف المادى
التعداد 354 ص
650 04 - المدخل الاضافى بالموضوع-مصطلح موضوعى
مصطلح موضوعي الزراعة
650 04 - المدخل الاضافى بالموضوع-مصطلح موضوعى
مصطلح موضوعي الاشجار
650 04 - المدخل الاضافى بالموضوع-مصطلح موضوعى
مصطلح موضوعي النباتات
700 0# - المدخل الاضافى - اسم شخصى
الإسم الشخصى عبدالقادر عبدالرواف المالح
الدور مترجم
942 ## - عناصر المدخل الإضافي( كوها)
مصدر التصنيف او مخطط الترفيف Dewey Decimal Classification
Koha [default] item type كتاب
260 ## - PUBLICATION, DISTRIBUTION, ETC. (IMPRINT)
-- [S.N] :
-- جامعة عمر المختار
Holdings
حالة التراجع حالة الفقد حالة تلف ليس للاعارة المكان المؤقت الموقع الحالى تاريخ الاكتساب اجمالي اﻻعارات رقم الطلب الباركود تاريخ اخر مشاهدة تاريخ تفعيل السعر نوع وعاء كوها
        مكتبة القاهرة الكبرى مكتبة القاهرة الكبرى 03/26/2014   581.2\ب د 127887 03/26/2014 03/26/2014 كتاب
        مكتبة القاهرة الكبرى مكتبة القاهرة الكبرى 03/26/2014   581.2\ب د 127888 03/26/2014 03/26/2014 كتاب

Powered By

EGPV